000 00517cam a2200205 4500
001 45750
010 _a9727566634
090 _a45750
100 _a20080904d2003 c y1pory5003 ba
101 1 _apor
102 _aPT
200 1 _aFormigas fantásticas
_fSue Whiting, Stuart Martin
210 _aRio de Mouro
_cGirassol
_dcop. 2003
215 _a[12] p.
_cil
225 2 _aHistórias cintilantes
675 _a82-93
_vBN
_zpor
700 1 _aWhiting
_bSue
701 1 _aMartin
_bStuart
_4070
801 0 _aPT
_bCMAR
_gRPC
990 _cLIVROS